|
|
|
|
| LEADER |
00000nab a2200000 a 4500 |
| 001 |
vtls000386492 |
| 003 |
SK-MaSNL |
| 005 |
20260304205542.0 |
| 008 |
230120c1990 xo 0 cze |
| 015 |
|
|
|a SNBRB19rr/mm-uuuuu
|
| 035 |
|
|
|a CL0386615
|
| 035 |
|
|
|a urn:nbn:sk:snk-ab1o48
|
| 035 |
|
|
|a (urnnbn)urn:nbn:sk:snk:ar-004q8t
|
| 035 |
|
|
|a (uuid)a1e1322a-f86a-4c53-90fe-3c9beb1347fb
|
| 040 |
|
|
|a SNKBUCL
|b slo
|c SNKBUCL
|e AACR2
|
| 041 |
0 |
|
|a cze
|
| 044 |
|
|
|a xo
|c SK
|
| 080 |
|
|
|a 615.012
|2 1981
|
| 100 |
1 |
|
|a Borovanský, Alois,
|d 1922-2019
|4 aut
|9 224490
|
| 245 |
1 |
0 |
|a H. Pittner, F. Zekert: Arzneispezialitäten - Kurzinformation 1989/1990
|c A. Borovanský
|
| 650 |
0 |
7 |
|a lieky
|2 snkbucl
|9 2515
|
| 650 |
0 |
7 |
|a liečivá
|2 snkbucl
|9 2452
|
| 651 |
|
7 |
|a Rakúsko
|2 snkbucl
|9 18533
|
| 655 |
|
7 |
|a články z novín a časopisov
|2 snkbucl
|9 267496
|
| 700 |
1 |
|
|a Pittner, H.
|4 aut
|9 1392660
|
| 700 |
1 |
|
|a Zekert, F.
|4 aut
|9 1539891
|
| 773 |
0 |
|
|t Farmaceutický obzor
|g Roč. 59, č. 5 (1990), s. 229
|
| 787 |
0 |
8 |
|i Rec.:
|a Pittner, H.
|t Arzneispezialitäten - Kurzinformation 1989/1990
|d Wien : Ossterreichische Apotheker - Verlagsgesellschaft mbH, 1989
|
| 850 |
|
|
|a Slovenská národná knižnica v Martine
|a MTA001
|
| 852 |
|
|
|a SNK
|b KIS3GCP
|
| 954 |
|
|
|a odborná, vedecká literatúra cudzojazyčná (svetová)
|2 lita
|
| 954 |
|
|
|a odborná, vedecká literatúra pôvodná (slovenská)
|2 lita
|
| 958 |
|
|
|a OND
|
| 958 |
|
|
|a RK
|
| 958 |
|
|
|a ME
|
| 958 |
|
|
|a EUIPO
|
| 958 |
|
|
|a article27
|
| 992 |
|
|
|a RBX
|
| 999 |
|
|
|c 3121521
|d 3123451
|